书目信息 |
| 题名: |
中小学工作手册
|
|
| 作者: | ;中央教育科学院研究所 编 | |
| 分册: | ||
| 出版信息: | 北京 法律出版社 1985 |
|
| 页数: | 418页 | |
| 开本: | 20cm | |
| 丛书名: | ||
| 单 册: | ||
| 中图分类: | G-62 | |
| 科图分类: | ||
| 主题词: | 教育工作--行政管理--行政法--中国 , 文化 , 科学 , 教育 , 体育 | |
| 电子资源: | ||
| ISBN: | ||
| 000 | 00722nam0 2200241 450 | |
| 001 | 1236985930 | |
| 005 | 20121007101814.29 | |
| 010 | @b精装@dCNY2.65 | |
| 100 | @a20060405d1985 km y0chiy0120 ea | |
| 101 | 0 | @achi |
| 102 | @aCN@b110000 | |
| 200 | 1 | @a中小学工作手册@Azhong xiao xue gong zuo shou ce@f中央教育科学院研究所编@Fzhong yang jiao yu ke xue yuan yan jiu suo bian |
| 210 | @a北京@c法律出版社@d1985 | |
| 215 | @a418页@d20cm | |
| 606 | 0 | @a教育工作@x行政管理@x行政法@y中国 |
| 606 | 0 | @a文化 |
| 606 | 0 | @a科学 |
| 606 | 0 | @a教育 |
| 606 | 0 | @a体育 |
| 690 | @aG-62@v4 | |
| 711 | 0 | @a中央教育科学院研究所@Azhong yang jiao yu ke xue yuan yan jiu suo@4编 |
| 801 | 0 | @aCN@bPFT@c20060406 |
| 905 | @a10447@dG-62@eJY4 | |
| 中小学工作手册/中央教育科学院研究所编.-北京:法律出版社,1985 |
| 418页;20cm |
| ISBN (精装):CNY2.65 |
| ● |
| 相关链接 |
|
|
|
|
正题名:中小学工作手册
索取号:G-62/JY4
 
预约/预借
| 序号 | 登录号 | 条形码 | 馆藏地/架位号 | 状态 | 备注 |
| 1 | 7809200 | 278092001 | 学院路分馆/ [索取号:G-62/JY4] | 在馆 | |
| 2 | 7809201 | 278092010 | 学院路分馆/ [索取号:G-62/JY4] | 在馆 | |
| 3 | 7809202 | 278092029 | 学院路分馆/ [索取号:G-62/JY4] | 在馆 | |
| 4 | 7809203 | 278092038 | 学院路分馆/ [索取号:G-62/JY4] | 在馆 |